000
00304nam a22001457a 4500
003
SGT
082
_a
617.3
_b
O15K
100
_a
KUMAR, M.N.
245
_a
ORTHOPEDICS AND TRAUMA
250
_a
2ND
260
_a
INDIA
_b
WOLTERS
_c
2015
300
_a
1031
650
_a
ORTHOPEDICS
942
_2
ddc
_c
BK
_0
3
999
_c
14785
_d
14785